[Event "VI Weekend"]
[Site "Castelfidardo ITA"]
[Date "2002.10.19"]
[Round "2"]
[White "Fioravanti, Diego"]
[Black "Silvestri, Giorgio"]
[Result "1-0"]
[WhiteElo "1855"]
[BlackElo "1648"]
[PlyCount "95"]
[EventDate "2002.10.19"]

1. e4 c5 2. d4 cxd4 3. c3 d3 4. Bxd3 d6 5. Nf3 Nf6 6. O-O e6 7. Re1 Qc7 8. Bf4
e5 9. Be3 Be7 10. Na3 Bd7 11. Qc2 O-O 12. h3 Na6 13. Rad1 Nc5 14. Bxc5 Qxc5 15.
Nc4 Be6 16. Ne3 Nh5 17. Nd5 Bxd5 18. exd5 g6 19. b4 Qc7 20. g3 Rac8 21. c4 f5
22. Be2 Qb6 23. Kg2 Bf6 24. Qb3 e4 25. Ng1 Bd4 26. c5 dxc5 27. d6+ c4 28. Bxc4+
Kg7 29. d7 Rcd8 30. Rd2 Rxd7 31. Ne2 Rd6 32. Rxd4 Rxd4 33. Qc3 Nf6 34. Nxd4 Kh6
35. Qe3+ f4 36. Qxf4+ g5 37. Qe3 Qxb4 38. Nf5+ Kg6 39. Be6 Re8 40. Nd4 Qd6 41.
Bf5+ Kf7 42. Rb1 Re7 43. Bc8 Nd5 44. Qxg5 b6 45. Nf5 Qf6 46. Qxf6+ Kxf6 47.
Nxe7 Kxe7 48. f3 1-0

[Event "VI Weekend"]
[Site "Castelfidardo ITA"]
[Date "2002.10.19"]
[Round "2"]
[White "Luciani, Valerio"]
[Black "Giobbi, Costantino"]
[Result "1/2-1/2"]
[WhiteElo "2152"]
[BlackElo "1734"]
[PlyCount "50"]
[EventDate "2002.10.19"]

1. Nf3 d5 2. c4 e6 3. b3 Nf6 4. Bb2 Be7 5. e3 O-O 6. d4 b6 7. Bd3 Bb7 8. Nc3 c5
9. O-O cxd4 10. exd4 Ne4 11. Qe2 Nxc3 12. Bxc3 Bf6 13. Rfd1 Nd7 14. Rac1 Rc8
15. Ne5 g6 16. Bb4 Nxe5 17. dxe5 Be7 18. Bxe7 Qxe7 19. Qe3 dxc4 20. Rxc4 Rxc4
21. Bxc4 Rd8 22. Rd2 Qc7 23. f4 Rxd2 24. Qxd2 Qc5+ 25. Qf2 Qc6 1/2-1/2

[Event "VI Weekend"]
[Site "Castelfidardo ITA"]
[Date "2002.10.19"]
[Round "2"]
[White "Padovani, Alessio"]
[Black "Fioravanti, Emidio"]
[Result "0-1"]
[WhiteElo "1635"]
[BlackElo "1774"]
[PlyCount "60"]
[EventDate "2002.10.19"]

1. c4 Nf6 2. g3 e5 3. Bg2 Bc5 4. Nc3 c6 5. e3 O-O 6. d4 exd4 7. exd4 Bb4 8.
Nge2 d5 9. cxd5 Bxc3+ 10. Nxc3 Re8+ 11. Be3 Ng4 12. Qd2 Nxe3 13. fxe3 Qg5 14.
e4 Qh5 15. O-O cxd5 16. Nxd5 Na6 17. Rac1 Be6 18. Nc7 Nxc7 19. Rxc7 Qb5 20. b3
Rad8 21. Kh1 Qb6 22. Rc5 Qxc5 23. d5 f6 24. Qf4 Bf7 25. Rc1 Qb4 26. Rd1 Bg6 27.
h4 Re5 28. Kh2 Qd6 29. Re1 f5 30. Rf1 fxe4 0-1

[Event "VI Weekend"]
[Site "Castelfidardo ITA"]
[Date "2002.10.19"]
[Round "2"]
[White "Palmizi, Alessandro"]
[Black "Gori, Giuseppe"]
[Result "1/2-1/2"]
[WhiteElo "1576"]
[BlackElo "1500"]
[PlyCount "59"]
[EventDate "2002.10.19"]

1. e4 c5 2. Nf3 d6 3. d4 cxd4 4. c3 dxc3 5. Nxc3 a6 6. Bc4 e6 7. O-O Be7 8. Qe2
Nc6 9. a3 Nf6 10. Rd1 Qc7 11. h3 O-O 12. Be3 b5 13. Ba2 Bd7 14. b4 Rac8 15.
Rac1 Qb7 16. Bf4 Ne5 17. Bxe5 dxe5 18. Nxe5 Bc6 19. Nxc6 Rxc6 20. e5 Nd7 21. f4
Rfc8 22. Qf3 Qc7 23. Ne2 Rxc1 24. Rxc1 Qa7+ 25. Qf2 Rxc1+ 26. Nxc1 Qc7 27. Qd2
Nb6 28. Kh2 Nc4 29. Qc2 f6 30. Nd3 1/2-1/2

[Event "VI Weekend"]
[Site "Castelfidardo ITA"]
[Date "2002.10.19"]
[Round "2"]
[White "Recchi, Antonio"]
[Black "Rinaudo, Sergio"]
[Result "1-0"]
[WhiteElo "1666"]
[BlackElo "1864"]
[PlyCount "117"]
[EventDate "2002.10.19"]

1. c4 e5 2. Nc3 Nf6 3. d3 Nc6 4. Nf3 d5 5. cxd5 Nxd5 6. g3 Be7 7. Bg2 Be6 8.
O-O O-O 9. a3 Qd7 10. Bd2 Bd6 11. b4 Rae8 12. Ne4 Bh3 13. Nxd6 cxd6 14. Bxh3
Qxh3 15. Qb3 Nf6 16. Ng5 Qh5 17. f3 d5 18. Kg2 e4 19. dxe4 dxe4 20. Rae1 Nd4
21. Qd1 Nxe2 22. Qxe2 exf3+ 23. Qxf3 Ng4 24. h3 Rd8 25. Bf4 Nf6 26. Qxh5 Nxh5
27. Re7 h6 28. Ne4 Rd3 29. Rf3 Rd4 30. Bd6 f5 31. Bc5 Rd5 32. Rxb7 Re8 33. Nf2
a6 34. g4 fxg4 35. hxg4 Nf6 36. Be7 Nd7 37. Bh4 Re2 38. Kf1 Ra2 39. Rc7 Ne5 40.
Rc8+ Kh7 41. Rff8 Rxa3 42. Rc7 Ng6 43. Bf6 Nxf8 44. Rxg7+ Kh8 45. Rd7+ Kg8 46.
Rxd5 Kf7 47. Bd4 Rb3 48. Rf5+ Kg8 49. Rf6 Nd7 50. Rd6 Nf8 51. Bc5 Kf7 52. Rxa6
Ne6 53. Ne4 Rb2 54. Ra7+ Kg6 55. Re7 Rb1+ 56. Kf2 Nf4 57. Bd4 h5 58. Rg7+ Kh6
59. g5# 1-0

[Event "VI Weekend"]
[Site "Castelfidardo ITA"]
[Date "2002.10.19"]
[Round "2"]
[White "Rinaudo, Andrea"]
[Black "Guglielmi, Dante"]
[Result "1-0"]
[WhiteElo "1873"]
[BlackElo "1711"]
[PlyCount "85"]
[EventDate "2002.10.19"]

1. e4 c5 2. Nf3 d6 3. d4 cxd4 4. Nxd4 Nf6 5. Nc3 a6 6. a4 e6 7. Be2 Be7 8. O-O
O-O 9. Be3 Nc6 10. f4 Qc7 11. Nb3 b6 12. Qe1 Bb7 13. g4 Nb4 14. Bd3 Nxg4 15.
Bd2 Nxd3 16. cxd3 Nf6 17. Rc1 Qd8 18. Qg3 d5 19. e5 Nh5 20. Qf3 g6 21. d4 Ng7
22. Ne2 Nf5 23. Ng3 Qe8 24. Nxf5 gxf5 25. a5 Bd8 26. axb6 Bxb6 27. Bb4 Qa4 28.
Bxf8 Bxd4+ 29. Nxd4 Qxd4+ 30. Qf2 Qxf2+ 31. Kxf2 Kxf8 32. Rc7 Rb8 33. Ke3 d4+
34. Kxd4 Be4 35. Kc3 Bd5 36. b4 Be4 37. Rd1 Bd5 38. Ra1 Rb6 39. Ra5 Bf3 40.
Rac5 Be2 41. Ra7 Bb5 42. Rcc7 Be8 43. Ra8 1-0

[Event "VI Weekend"]
[Site "Castelfidardo ITA"]
[Date "2002.10.19"]
[Round "2"]
[White "Santurbano, Maria Vincenza"]
[Black "Morici, Marco"]
[Result "1/2-1/2"]
[WhiteElo "1731"]
[BlackElo "1621"]
[PlyCount "97"]
[EventDate "2002.10.19"]

1. d4 e6 2. c4 Nf6 3. Nc3 b6 4. e4 Bb4 5. Qc2 Bb7 6. Bd3 O-O 7. Nf3 d6 8. O-O
h6 9. Bd2 Nbd7 10. a3 Bxc3 11. Bxc3 d5 12. e5 dxc4 13. Bxc4 Nd5 14. Qe4 Qc8 15.
Bd3 f5 16. exf6 N7xf6 17. Qh4 Ba6 18. Bxa6 Qxa6 19. Bd2 Qd3 20. Rfe1 Rae8 21.
Re5 Qg6 22. Ree1 Nd7 23. Qe4 Qf5 24. Qxf5 exf5 25. Ne5 N7f6 26. Ng6 Rxe1+ 27.
Rxe1 Re8 28. Rxe8+ Nxe8 29. Kf1 Nd6 30. f3 c5 31. dxc5 bxc5 32. Ke2 Kf7 33. Nf4
Nxf4+ 34. Bxf4 Nc4 35. Bc1 Ke6 36. Kd3 Kd5 37. b3 Na5 38. Kc3 a6 39. h4 h5 40.
Be3 Nc6 41. Bf4 Na5 42. b4 Nc6 43. Be3 cxb4+ 44. axb4 Ne5 45. Bd4 g6 46. Bxe5
Kxe5 47. Kc4 Kd6 48. g3 Kc6 49. f4 1/2-1/2

[Event "VI Weekend"]
[Site "Castelfidardo ITA"]
[Date "2002.10.19"]
[Round "2"]
[White "Voicu, Joan Paul"]
[Black "Rinaldi, Raffaele"]
[Result "1-0"]
[WhiteElo "1614"]
[BlackElo "1362"]
[PlyCount "67"]
[EventDate "2002.10.19"]

1. e4 e5 2. Nf3 Nc6 3. Bb5 a6 4. Ba4 b5 5. Bb3 Bc5 6. c3 Bb6 7. a4 Bb7 8. d4 d6
9. Ng5 Nh6 10. Qh5 Qe7 11. O-O exd4 12. Kh1 Ne5 13. cxd4 Bxd4 14. f4 Nd3 15. h3
Nxc1 16. Rxc1 Bxb2 17. Nxf7 Nxf7 18. Bxf7+ Qxf7 19. Qxf7+ Kxf7 20. Rxc7+ Ke6
21. Ra2 Bxe4 22. Rxb2 bxa4 23. Re2 Kf5 24. Nc3 Rhe8 25. Nxe4 Rxe4 26. g4+ Kxf4
27. Rf7+ Ke5 28. Re7+ Kf6 29. R2xe4 a3 30. R4e6+ Kg5 31. Rxg7+ Kf4 32. Rf7+ Kg5
33. Kg2 a2 34. Rf5+ 1-0

[Event "VI Weekend"]
[Site "Castelfidardo ITA"]
[Date "2002.10.20"]
[Round "3"]
[White "Bontempi, Piero"]
[Black "Fioravanti, Diego"]
[Result "1-0"]
[WhiteElo "2316"]
[BlackElo "1855"]
[PlyCount "169"]
[EventDate "2002.10.19"]

1. e4 e5 2. Nf3 Nf6 3. Nxe5 d6 4. Nf3 Nxe4 5. Nc3 Nxc3 6. dxc3 Be7 7. Be3 O-O
8. Qd2 Nc6 9. O-O-O Be6 10. h4 Na5 11. h5 h6 12. Kb1 c6 13. Nd4 Nc4 14. Bxc4
Bxc4 15. Rh3 Kh7 16. b3 Be6 17. Qd3+ Kh8 18. Rg3 Bh4 19. Rxg7 Kxg7 20. Nxe6+
fxe6 21. Qg6+ Kh8 22. Qxh6+ Kg8 23. Qg6+ Kh8 24. Qh6+ Kg8 25. Rd4 Kf7 26. Qg6+
Ke7 27. Rxh4 Kd7 28. Rb4 b5 29. Rd4 Qe7 30. h6 Rg8 31. Qe4 e5 32. Rd2 a5 33.
Bc5 a4 34. Rxd6+ Qxd6 35. Bxd6 Kxd6 36. h7 Rh8 37. Qg6+ Kc7 38. g4 a3 39. g5
Rad8 40. Kc1 Rd7 41. c4 Rhxh7 42. Qe4 Rhe7 43. cxb5 cxb5 44. Qb4 Kb6 45. c4 e4
46. Qxb5+ Kc7 47. Qa5+ Kb7 48. Qxa3 Rf7 49. Qb4+ Kc7 50. Qa5+ Kb7 51. c5 Rf3
52. Qb6+ Kc8 53. c6 Rc7 54. Kb2 Rf5 55. b4 Rxg5 56. b5 Rf5 57. a4 Rcf7 58. Qa6+
Kc7 59. Qb7+ Kd6 60. Qb6 Kd5 61. Kc3 Rf3+ 62. Kb4 Rf8 63. c7 R3f4 64. Qc5+ Ke6
65. c8=Q+ Rxc8 66. Qxc8+ Ke5 67. Qc7+ Kf5 68. Qxf4+ Kxf4 69. b6 Kf3 70. b7 Kxf2
71. b8=Q e3 72. Qh2+ Kf1 73. Kc3 e2 74. Qh1+ Kf2 75. Kd2 Kg3 76. Kxe2 Kf4 77.
Qh4+ Ke5 78. Kd3 Kf5 79. a5 Ke5 80. Qg5+ Kd6 81. Kd4 Ke6 82. Qg6+ Kd7 83. Kd5
Kc7 84. Qc6+ Kd8 85. Qb7 1-0

[Event "VI Weekend"]
[Site "Castelfidardo ITA"]
[Date "2002.10.20"]
[Round "3"]
[White "Cavatassi, Alessio"]
[Black "Acciaioli, Fabio"]
[Result "0-1"]
[WhiteElo "1344"]
[BlackElo "1524"]
[PlyCount "74"]
[EventDate "2002.10.19"]

1. d4 Nf6 2. Nc3 g6 3. e4 d6 4. Nf3 Bg7 5. Bc4 O-O 6. O-O a6 7. a3 b5 8. Ba2
Bb7 9. d5 c5 10. b4 Nbd7 11. Rb1 Rc8 12. Bb2 h6 13. Re1 Qc7 14. Ne2 cxb4 15.
Bxf6 Nxf6 16. Ned4 bxa3 17. Qd2 Qc3 18. Rb3 Qxd2 19. Nxd2 Nxd5 20. exd5 Bxd4
21. Rxa3 Rxc2 22. Rd1 Bc5 23. Bb3 Rxd2 24. Rxd2 Bxa3 25. Re2 Rc8 26. g3 Kf8 27.
f4 Rc1+ 28. Kf2 Bc5+ 29. Kg2 Rg1+ 30. Kh3 Bd4 31. Rc2 Bc5 32. Ra2 Kg7 33. Re2
Bc8+ 34. Kh4 Bd4 35. f5 Bxf5 36. g4 Bf6+ 37. Kh3 Bxg4# 0-1

[Event "VI Weekend"]
[Site "Castelfidardo ITA"]
[Date "2002.10.20"]
[Round "3"]
[White "Di Blasio, Walter"]
[Black "Cerusico, Carlo"]
[Result "1-0"]
[WhiteElo "1537"]
[BlackElo "1404"]
[PlyCount "67"]
[EventDate "2002.10.19"]

1. d4 d5 2. Nf3 Nf6 3. Nc3 e6 4. Bg5 Nbd7 5. e3 Be7 6. Bd3 O-O 7. Qd2 a6 8. O-O
b5 9. Bf4 Bb7 10. Rfe1 Ne4 11. Bxe4 dxe4 12. Ne5 Nxe5 13. Bxe5 Rc8 14. Rad1 Bb4
15. a3 Bxc3 16. Qxc3 f6 17. Bg3 Qd5 18. Rc1 c5 19. dxc5 Rxc5 20. Qd4 e5 21. Qb4
Rfc8 22. c3 Qf7 23. Rcd1 h6 24. Rd2 Bd5 25. Red1 Qb7 26. a4 Kh7 27. h3 Qc6 28.
a5 Kg6 29. Qa3 b4 30. Qxb4 Rb5 31. Qa3 Rb3 32. Qa2 Rd8 33. Qb1 Qc5 34. Qc2 1-0

[Event "VI Weekend"]
[Site "Castelfidardo ITA"]
[Date "2002.10.20"]
[Round "3"]
[White "Fioravanti, Emidio"]
[Black "Rinaudo, Andrea"]
[Result "0-1"]
[WhiteElo "1774"]
[BlackElo "1873"]
[PlyCount "150"]
[EventDate "2002.10.19"]

1. e4 c5 2. Nf3 d6 3. d4 cxd4 4. Nxd4 Nf6 5. Nc3 a6 6. Bc4 e6 7. Bb3 Be7 8. O-O
O-O 9. Re1 Qc7 10. Qf3 Nc6 11. Nxc6 bxc6 12. Bf4 e5 13. Bg5 h6 14. Bxf6 Bxf6
15. Rad1 a5 16. a4 Ba6 17. Qg4 Rab8 18. Re3 Qe7 19. Rg3 Bc8 20. Qh5 Kh7 21.
Rgd3 g6 22. Qf3 Rd8 23. Nb1 Kg7 24. Rc3 Qe8 25. Na3 d5 26. Rcd3 d4 27. Rb1 Ba6
28. Bc4 Bxc4 29. Nxc4 c5 30. b3 Ra8 31. Re1 Qc6 32. Qg3 Qc7 33. Qg4 Ra6 34. h4
h5 35. Qh3 Qe7 36. g3 Kg8 37. Red1 Re8 38. Kh2 Bg7 39. g4 hxg4 40. Qxg4 Bh6 41.
h5 Bf4+ 42. Kg2 Kg7 43. Rh1 Rh8 44. Rdh3 Rh6 45. Kf1 g5 46. Qf5 Raf6 47. Qg4
Qc7 48. Kg2 Qb7 49. Qe2 Qc7 50. Qe1 g4 51. Rh4 Qd7 52. Qe2 g3 53. Rg4+ Kh7 54.
fxg3 Be3 55. Nxe3 dxe3 56. Qxe3 Qxg4 57. Rh4 Qd1 58. g4 Qf1+ 59. Kg3 Qf4+ 60.
Qxf4 Rxf4 61. Rh1 Rxe4 62. Rd1 Rd4 63. Re1 f6 64. Re2 Kg7 65. g5 fxg5 66. Rxe5
Rxh5 67. Rxc5 Rd2 68. Rxa5 Rxc2 69. Ra7+ Kf6 70. Ra6+ Ke5 71. Ra8 Rc3+ 72. Kg4
Rhh3 73. Re8+ Kd6 74. Rd8+ Kc7 75. Ra8 Rxb3 0-1

[Event "VI Weekend"]
[Site "Castelfidardo ITA"]
[Date "2002.10.20"]
[Round "3"]
[White "Giobbi, Costantino"]
[Black "Recchi, Antonio"]
[Result "1-0"]
[WhiteElo "1734"]
[BlackElo "1666"]
[PlyCount "61"]
[EventDate "2002.10.19"]

1. e4 c5 2. Nf3 Nc6 3. Bb5 a6 4. Bxc6 dxc6 5. h3 Qc7 6. O-O g6 7. d3 Bg7 8. c3
e5 9. Be3 b6 10. Na3 h6 11. Nc4 Be6 12. Qe2 Bxc4 13. dxc4 Nf6 14. Qc2 O-O 15.
Nh2 Rad8 16. Rad1 Nh5 17. Rxd8 Rxd8 18. Rd1 Nf4 19. Rd2 Rd6 20. Qd1 Rxd2 21.
Qxd2 Bf8 22. Ng4 h5 23. Nf6+ Kh8 24. Bxf4 exf4 25. Qd7 Bd6 26. Qe8+ Kg7 27. Nd7
f6 28. Qe6 b5 29. Qxf6+ Kh6 30. Qe6 bxc4 31. e5 1-0

[Event "VI Weekend"]
[Site "Castelfidardo ITA"]
[Date "2002.10.20"]
[Round "3"]
[White "Gori, Giuseppe"]
[Black "Mircoli, Filippo"]
[Result "1/2-1/2"]
[WhiteElo "1500"]
[BlackElo "1591"]
[PlyCount "63"]
[EventDate "2002.10.19"]

1. Nf3 Nf6 2. g3 e6 3. c4 c5 4. Bg2 d5 5. cxd5 exd5 6. d4 c4 7. O-O Bd6 8. Nc3
h6 9. b3 Bb4 10. Bb2 Bxc3 11. Bxc3 b5 12. bxc4 bxc4 13. Nd2 Qc7 14. e4 dxe4 15.
Nxe4 Nxe4 16. Bxe4 Bb7 17. Qa4+ Nd7 18. Bxb7 Qxb7 19. Rfe1+ Kf8 20. Bb4+ Kg8
21. Re7 Nb6 22. Qc2 Qf3 23. Re3 Qc6 24. Bc5 g6 25. Rc1 Rc8 26. Rc3 Kh7 27. Bxb6
Qxb6 28. Rxc4 Rcd8 29. Qd3 Rd7 30. Rd1 Rhd8 31. a3 Qb5 32. h4 1/2-1/2

[Event "VI Weekend"]
[Site "Castelfidardo ITA"]
[Date "2002.10.20"]
[Round "3"]
[White "Guglielmi, Dante"]
[Black "Perogio, Lorenzo"]
[Result "1-0"]
[WhiteElo "1711"]
[BlackElo "1518"]
[PlyCount "137"]
[EventDate "2002.10.19"]

1. c4 e5 2. Nc3 Nf6 3. g3 Bb4 4. Bg2 Nc6 5. e3 O-O 6. Nge2 Re8 7. O-O Bxc3 8.
Nxc3 d6 9. b3 Bf5 10. d3 Qd7 11. Re1 Bh3 12. Bh1 Re6 13. Nd5 Rb8 14. Bb2 a6 15.
d4 exd4 16. exd4 Rxe1+ 17. Qxe1 Nxd5 18. Bxd5 h6 19. Qd2 b5 20. cxb5 axb5 21.
Qc3 Ne7 22. Be4 d5 23. Bf3 Rb6 24. Rc1 Qf5 25. Bh1 Rf6 26. Qc2 Qh5 27. Re1 Rc6
28. Qd2 Ng6 29. Qe2 Re6 30. Qd2 Rxe1+ 31. Qxe1 Nf4 32. f3 Ne2+ 33. Qxe2 Qf5 34.
Qd1 Qe6 35. Kf2 Bf5 36. Qe2 Qa6 37. a4 c6 38. Bg2 Qb6 39. axb5 cxb5 40. Bf1 b4
41. Qb5 Qc7 42. Bd3 Qc8 43. Bxf5 Qxf5 44. Qe2 Qb1 45. Qd2 Qh1 46. Ke3 Qg1+ 47.
Qf2 Qd1 48. Qe2 Qxb3+ 49. Kf2 Qa4 50. h4 Qd7 51. Kg2 Qc6 52. Qd2 Qc4 53. g4 g6
54. Bc1 b3 55. Qb2 Kg7 56. Bf4 Qd3 57. g5 hxg5 58. hxg5 f6 59. gxf6+ Kxf6 60.
Kg3 g5 61. Bd2 Kf5 62. Qc3 Qf1 63. Qc8+ Kg6 64. Qg8+ Kf6 65. Qxg5+ Ke6 66. Qe5+
Kd7 67. Qxd5+ Ke8 68. Qe6+ Kd8 69. Ba5# 1-0

[Event "VI Weekend"]
[Site "Castelfidardo ITA"]
[Date "2002.10.20"]
[Round "3"]
[White "Morici, Marco"]
[Black "Luciani, Valerio"]
[Result "0-1"]
[WhiteElo "1621"]
[BlackElo "2152"]
[PlyCount "64"]
[EventDate "2002.10.19"]

1. c4 e5 2. Nc3 Nf6 3. Nf3 Nc6 4. g3 d5 5. cxd5 Nxd5 6. Bg2 Nb6 7. O-O Be7 8.
d3 O-O 9. Bd2 Be6 10. Ne4 f6 11. a3 Qd7 12. Rc1 Nd4 13. Nxd4 exd4 14. Nc5 Bxc5
15. Rxc5 c6 16. Qc2 Rad8 17. Rd1 Rfe8 18. Be4 Qf7 19. Re1 Bd5 20. Ba5 Bxe4 21.
dxe4 Rd6 22. Qd3 Nd7 23. Bb4 b6 24. Rcc1 c5 25. Bd2 Ne5 26. Qb5 d3 27. f4 dxe2
28. fxe5 Rxd2 29. Rxe2 Rxe2 30. Qxe2 Rxe5 31. Re1 f5 32. Rf1 Rxe4 0-1

[Event "VI Weekend"]
[Site "Castelfidardo ITA"]
[Date "2002.10.20"]
[Round "3"]
[White "Rinaldi, Raffaele"]
[Black "Palmizi, Alessandro"]
[Result "0-1"]
[WhiteElo "1362"]
[BlackElo "1576"]
[PlyCount "74"]
[EventDate "2002.10.19"]

1. e4 d6 2. d4 e6 3. Nf3 g6 4. Be3 Bg7 5. Nc3 Ne7 6. Qd2 h6 7. Be2 a6 8. O-O
Nd7 9. Rad1 b6 10. Rfe1 Bb7 11. Bd3 c5 12. d5 e5 13. a4 g5 14. h3 Ng6 15. g3
Bc8 16. Kh2 Nf6 17. Bf1 Nh5 18. Qe2 Nf6 19. Qd2 g4 20. Ng1 gxh3 21. Bxh3 Bxh3
22. Nxh3 Ng4+ 23. Kg2 Qd7 24. Qe2 h5 25. Ng5 Bf6 26. Rh1 Qe7 27. Nf3 Nxe3+ 28.
Qxe3 O-O-O 29. Qe2 Kb7 30. Nd2 Rdg8 31. Qc4 h4 32. gxh4 Bxh4 33. Kf1 Nf4 34.
Ne2 Rg2 35. Ng3 Qf6 36. Qc3 Bxg3 37. Rxh8 Qxh8 0-1

[Event "VI Weekend"]
[Site "Castelfidardo ITA"]
[Date "2002.10.20"]
[Round "3"]
[White "Rinaudo, Sergio"]
[Black "Voicu, Joan Paul"]
[Result "1-0"]
[WhiteElo "1864"]
[BlackElo "1614"]
[PlyCount "103"]
[EventDate "2002.10.19"]

1. d4 Nf6 2. Nf3 e6 3. e3 c5 4. Bd3 Nc6 5. O-O d5 6. b3 b6 7. Bb2 Bb7 8. Nbd2
Bd6 9. Ne5 Qc7 10. f4 Nd7 11. Qg4 Ndxe5 12. fxe5 Bf8 13. Nf3 h6 14. e4 dxe4 15.
Bxe4 cxd4 16. Nxd4 Nxd4 17. Bxd4 Bxe4 18. Qxe4 Rc8 19. Rf2 Bc5 20. Raf1 Bxd4
21. Qxd4 O-O 22. c4 Rfd8 23. Qf4 Rd7 24. Rf3 Qc5+ 25. Kh1 Rcd8 26. h3 Qd4 27.
Qxd4 Rxd4 28. Rxf7 Rd1 29. Rf8+ Rxf8 30. Rxd1 Rf2 31. a4 Rb2 32. Rd3 Kf7 33.
Rd7+ Kf8 34. Rd3 Ke7 35. Re3 Kf7 36. Kh2 Kg6 37. Kg3 Kf5 38. Kf3 h5 39. g4+
hxg4+ 40. hxg4+ Kg5 41. Rd3 g6 42. Rd6 Rxb3+ 43. Ke4 Rb4 44. Kd4 Rxa4 45. Rxe6
b5 46. Rc6 Kxg4 47. Kd5 b4 48. e6 b3 49. e7 b2 50. Rxg6+ Kf5 51. e8=Q Ra5+ 52.
c5 1-0

[Event "VI Weekend"]
[Site "Castelfidardo ITA"]
[Date "2002.10.20"]
[Round "3"]
[White "Silvestri, Giorgio"]
[Black "Santurbano, Maria Vincenza"]
[Result "0-1"]
[WhiteElo "1648"]
[BlackElo "1731"]
[PlyCount "132"]
[EventDate "2002.10.19"]

1. d4 Nf6 2. c4 e6 3. g3 d5 4. Bg2 c6 5. Qc2 Nbd7 6. Nf3 Bd6 7. O-O O-O 8. Nc3
Re8 9. e4 dxe4 10. Nxe4 Nxe4 11. Qxe4 Nf6 12. Qc2 e5 13. dxe5 Bxe5 14. Nxe5
Rxe5 15. Bf4 Bf5 16. Qc3 Re2 17. Rad1 Qb6 18. Bf3 Qxb2 19. Qa5 Ree8 20. Qxf5
Qxa2 21. Bg5 Re6 22. Bxf6 Rxf6 23. Qd7 Rf8 24. Qd3 Qa5 25. Ra1 Qc5 26. Ra2 a5
27. Qc3 b6 28. Bg2 h5 29. Re2 Rf5 30. h4 a4 31. Bh3 Rd5 32. Re4 b5 33. Rc1 b4
34. Qb2 Rd3 35. Kf1 a3 36. Qc2 Rfd8 37. Qe2 Rd2 38. Qf3 a2 39. Rce1 b3 40. Re8+
Rxe8 41. Rxe8+ Qf8 42. Rxf8+ Kxf8 43. Qxb3 a1=Q+ 44. Kg2 Qe5 45. Qb4+ Qd6 46.
Qxd6+ Rxd6 47. Kg1 Rd4 48. Bf1 Ke7 49. Kg2 Kd6 50. f3 Kc5 51. Kf2 Rxc4 52. Be2
Rc2 53. Ke3 Kb4 54. Bd1 Rc5 55. g4 Rd5 56. Bc2 Kc3 57. Be4 g6 58. gxh5 gxh5 59.
f4 Rc5 60. f5 f6 61. Kf4 Rc4 62. Ke3 c5 63. Kf3 Rd4 64. Ke3 c4 65. Kf3 Kd2 66.
Bb1 c3 0-1

[Event "VI Weekend"]
[Site "Castelfidardo ITA"]
[Date "2002.10.26"]
[Round "4"]
[White "Acciaioli, Fabio"]
[Black "Morici, Marco"]
[Result "0-1"]
[WhiteElo "1524"]
[BlackElo "1621"]
[PlyCount "74"]
[EventDate "2002.10.19"]

1. d4 e6 2. Nf3 Nf6 3. Bg5 Be7 4. Nbd2 d5 5. e3 O-O 6. Bd3 Nc6 7. c3 b6 8. O-O
Bb7 9. Ne5 Nxe5 10. dxe5 Nd7 11. Bf4 Nc5 12. Bc2 Ba6 13. Nf3 Bxf1 14. Qxf1 Nd7
15. Qd3 f5 16. Nd4 Nc5 17. Qd2 Qd7 18. f3 a6 19. b4 Nb7 20. Bb3 c6 21. e4 fxe4
22. fxe4 Rad8 23. Rd1 c5 24. Nxe6 Qxe6 25. exd5 Qf7 26. Be3 Qe8 27. d6+ Kh8 28.
Qe2 Nxd6 29. exd6 Bxd6 30. Re1 cxb4 31. cxb4 Bxb4 32. Rf1 Rxf1+ 33. Kxf1 Qf8+
34. Qf2 Qd6 35. Kg1 Rf8 36. Qe2 Bc5 37. Kh1 Bxe3 0-1

[Event "VI Weekend"]
[Site "Castelfidardo ITA"]
[Date "2002.10.26"]
[Round "4"]
[White "Fioravanti, Diego"]
[Black "Guglielmi, Dante"]
[Result "1-0"]
[WhiteElo "1855"]
[BlackElo "1711"]
[PlyCount "97"]
[EventDate "2002.10.19"]

1. e4 c5 2. d4 cxd4 3. c3 d3 4. Bxd3 Nc6 5. Nf3 Nf6 6. O-O g6 7. Bf4 Bg7 8. Qe2
O-O 9. Nbd2 d5 10. Rad1 dxe4 11. Nxe4 Qa5 12. Nxf6+ Bxf6 13. Bh6 Re8 14. Bc4
Qh5 15. Be3 Bg4 16. Bd5 Ne5 17. h3 Nxf3+ 18. Bxf3 Bxf3 19. Qxf3 Qxf3 20. gxf3
Red8 21. a4 b6 22. a5 bxa5 23. Rxd8+ Rxd8 24. Bxa7 Rd7 25. Bc5 Rb7 26. Ba3 Rb3
27. Rc1 Rb5 28. b4 axb4 29. Bxb4 e6 30. Ra1 Rg5+ 31. Kf1 Be5 32. Ke2 Rg2 33. f4
Bc7 34. Kf3 Rh2 35. Kg3 Bxf4+ 36. Kxf4 Rxf2+ 37. Kg3 Rb2 38. Bc5 e5 39. Bd6 f6
40. c4 Kf7 41. c5 Ke6 42. Rc1 Rb3+ 43. Kg2 Rb2+ 44. Kg1 Ra2 45. c6 Ra8 46. c7
Rc8 47. Bb4 Kd7 48. Ba5 e4 49. Rd1+ 1-0

[Event "VI Weekend"]
[Site "Castelfidardo ITA"]
[Date "2002.10.26"]
[Round "4"]
[White "Luciani, Valerio"]
[Black "Rinaudo, Sergio"]
[Result "1/2-1/2"]
[WhiteElo "2152"]
[BlackElo "1864"]
[PlyCount "89"]
[EventDate "2002.10.19"]

1. d4 d5 2. c4 c6 3. Nf3 Nf6 4. Nc3 e6 5. e3 a6 6. c5 Nbd7 7. b4 a5 8. b5 e5 9.
Qa4 Qc7 10. Ba3 Be7 11. Be2 O-O 12. O-O Re8 13. Nd2 Nf8 14. Nb3 exd4 15. exd4
Ne6 16. Bc1 Bd7 17. b6 Qb8 18. g3 h5 19. Be3 Ng4 20. Nxd5 Bd8 21. Rfe1 Nf8 22.
Nf4 Nxe3 23. fxe3 g6 24. Bf3 Bf6 25. Rad1 Qc8 26. Bg2 Bg4 27. Rc1 Ne6 28. Nxe6
Qxe6 29. Qc4 Qxc4 30. Rxc4 Be6 31. Ra4 Bxb3 32. axb3 Bg5 33. Kf2 f5 34. d5 Rad8
35. Rxa5 cxd5 36. Ra7 Re7 37. b4 Kf8 38. Ra3 Rdd7 39. Rd3 Re5 40. Red1 Rde7 41.
Bxd5 Bxe3+ 42. Kf3 g5 43. Re1 f4 44. gxf4 g4+ 45. Kg2 1/2-1/2

[Event "VI Weekend"]
[Site "Castelfidardo ITA"]
[Date "2002.10.26"]
[Round "4"]
[White "Padovani, Alessio"]
[Black "Gori, Giuseppe"]
[Result "1-0"]
[WhiteElo "1635"]
[BlackElo "1500"]
[PlyCount "105"]
[EventDate "2002.10.19"]

1. c4 c5 2. g3 g6 3. Bg2 Bg7 4. Nc3 Nc6 5. a3 e5 6. d3 d6 7. Nf3 h6 8. Rb1 Be6
9. b4 cxb4 10. axb4 Rb8 11. b5 Nce7 12. Qa4 Qb6 13. Be3 Qd8 14. Qxa7 b6 15. Nd2
f5 16. Bc6+ Kf8 17. Nd5 Bxd5 18. cxd5 Nf6 19. Qa2 Ng4 20. Nc4 Nxe3 21. Nxe3 f4
22. Nc4 Nf5 23. Qa7 h5 24. Qd7 Qxd7 25. Bxd7 Ke7 26. Bxf5 gxf5 27. gxf4 exf4
28. Kd2 Bd4 29. e3 fxe3+ 30. fxe3 Bf6 31. Rbf1 Rhf8 32. Rf3 Ra8 33. Rc1 Rg8 34.
Rg3 Rgb8 35. Rg6 Ra2+ 36. Rc2 Ra1 37. Nxd6 Kxd6 38. Rxf6+ Kxd5 39. Rxf5+ Ke6
40. Rxh5 Rb1 41. Rc6+ Kf7 42. Rh7+ Kg8 43. Rh5 Rg1 44. e4 Rg2+ 45. Kc3 Rg1 46.
e5 Rc1+ 47. Kd4 Rd8+ 48. Rd6 Rdc8 49. Rxb6 R1c5 50. Rc6 R5xc6 51. bxc6 Rxc6 52.
Kd5 Rc1 53. e6 1-0

[Event "VI Weekend"]
[Site "Castelfidardo ITA"]
[Date "2002.10.26"]
[Round "4"]
[White "Palmizi, Alessandro"]
[Black "Silvestri, Giorgio"]
[Result "1-0"]
[WhiteElo "1576"]
[BlackElo "1648"]
[PlyCount "93"]
[EventDate "2002.10.19"]

1. e4 c5 2. Nf3 d6 3. d4 cxd4 4. c3 d3 5. Bxd3 Nf6 6. h3 e6 7. O-O Qc7 8. Be3
Be7 9. Nd4 a6 10. Nd2 b5 11. Qe2 O-O 12. a4 e5 13. Nf5 Bxf5 14. exf5 bxa4 15.
Rxa4 d5 16. Rfa1 a5 17. Nb3 Nc6 18. g4 Rfb8 19. Bb5 Rxb5 20. Qxb5 Rb8 21. Qe2
Rxb3 22. f3 Qb7 23. R1a2 Nd7 24. g5 d4 25. f6 Bf8 26. fxg7 Kxg7 27. Qc2 Nc5 28.
Rc4 Qb5 29. cxd4 Rxe3 30. dxc5 Nd4 31. Qa4 Qxa4 32. Raxa4 Nc6 33. Kf2 Rb3 34.
Ra2 Rb5 35. Kg3 Kg6 36. h4 Kf5 37. b4 Ke6 38. bxa5 Rxa5 39. Rxa5 Nxa5 40. Ra4
Nc6 41. Ra8 Bg7 42. Rg8 Bf6 43. gxf6 Kxf6 44. Rh8 Ke6 45. Rxh7 Nd8 46. Rh8 Ke7
47. Rxd8 1-0

[Event "VI Weekend"]
[Site "Castelfidardo ITA"]
[Date "2002.10.26"]
[Round "4"]
[White "Perogio, Lorenzo"]
[Black "Marconi, Andrea"]
[Result "1/2-1/2"]
[WhiteElo "1518"]
[BlackElo "1519"]
[PlyCount "89"]
[EventDate "2002.10.19"]

1. e4 b6 2. d4 Bb7 3. Bd3 e6 4. Nf3 Bb4+ 5. c3 Be7 6. O-O Nf6 7. Qc2 h6 8. Nbd2
d6 9. Re1 Nc6 10. Nf1 g5 11. h3 Nh5 12. d5 Ne5 13. Nxe5 dxe5 14. dxe6 f6 15.
Be2 Ng7 16. Bg4 Bd6 17. Ng3 Ke7 18. Be3 h5 19. Bf5 h4 20. Nf1 Qg8 21. f3 Bc8
22. Bf2 Bxe6 23. Bxe6 Qxe6 24. Ne3 Nh5 25. Nf5+ Kf7 26. Rad1 Rad8 27. Qa4 a5
28. Qc6 Rd7 29. Nxd6+ Kg6 30. Qd5 Rxd6 31. Qxe6 Rxe6 32. Rd7 c5 33. Red1 Nf4
34. Rb7 Rh7 35. Rxh7 Kxh7 36. Rd7+ Kg6 37. Kf1 f5 38. Be3 fxe4 39. Bxf4 exf4
40. fxe4 Kf6 41. Rb7 Rd6 42. Ke2 Ke5 43. Rg7 Kxe4 44. Rxg5 Rh6 45. a4 1/2-1/2